00339 a2200121 45000010005000001000017000052450034000222600021000560900015000779420023000929990019001159520083001349178 aHusain, S.I. aEconomic problems of Pakistan abDin Muhammadc c7353d7353 aNUST-CAEcMc33993 c244251d244251 001040708NFICaCAEbCAEd2017-04-03l0pCAE8310r2017-04-05w2017-04-05yBK